[Event "Oslo Chess Festival 2018"]
[Site "Oslo"]
[Date "2018.09.30"]
[Round "1"]
[White "Dziuba, Marcin"]
[Black "Johansen, Kai -Roger"]
[Result "1-0"]
[WhiteElo "2573"]
[BlackElo "1907"]
[Annotator "TA"]
[PlyCount "46"]
[EventDate "2018.09.30"]
[EventCountry "NOR"]
[SourceTitle "playchess.com"]
[Source "ChessBase"]
[SourceQuality "1"]

{[%evp 16,46,35,14,40,23,42,41,39,47,41,39,62,62,64,64,65,58,112,112,112,118,114,112,119,119,115,110,112,100,122,125,172]} 1. Nf3 Nf6 2. c4 c5 3. Nc3 Nc6 4. g3 e5 5. Bg2 d6 6. O-O Be7 7. d3 O-O 8. a3 a5 {A34: Symmetrical English: 2 Nc3, lines with ...d5} (8... h6 9. Rb1 Be6 10. b4 Qd7 11. Re1 b6 12. e3 e4 13. dxe4 Bxc4 14. bxc5 bxc5 15. e5 Ng4 16. Qa4 Ncxe5 17. Nxe5 Qxa4 18. Nxa4 Nxe5 19. Bxa8 Rxa8 {0-1 (50) Barbosa,O (2518)-Li,C (2720) chess.com INT 2017}) 9. Rb1 {LiveBook: 5 Games} Bd7 10. Bg5 h6 $146 {White has an edge.} ({Predecessor:} 10... Rb8 11. Ne1 Ne8 12. Bxe7 Qxe7 13. Nc2 Nc7 14. b4 b6 15. Ne3 Rfc8 16. Ned5 Nxd5 17. Nxd5 {1-0 (31) Prokopchuk,E (2511)-Novotny,J (2215) Pardubice 2010}) 11. Bxf6 Bxf6 12. Ne1 Qc8 13. Nc2 Bh3 14. Nd5 Bd8 15. b4 Bxg2 16. Kxg2 Ne7 (16... cxb4 $14 17. axb4 axb4) 17. Nxe7+ $16 {White is better.} Bxe7 18. bxc5 dxc5 19. Ne3 Qc6+ 20. Nd5 Bd8 21. e3 f5 22. Qf3 Rf7 23. Rb5 g5 {Precision: White = 65%, Black = 50%.} 1-0

[Event "Oslo Chess Festival 2018"]
[Site "Oslo"]
[Date "2018.09.30"]
[Round "1"]
[White "Stella, Andrea"]
[Black "Roque Sola, Andrea"]
[Result "1-0"]
[WhiteElo "2500"]
[BlackElo "1860"]
[Annotator "TA"]
[PlyCount "75"]
[EventDate "2018.09.30"]
[EventCountry "NOR"]
[SourceTitle "playchess.com"]
[Source "ChessBase"]
[SourceQuality "1"]

{[%evp 16,75,43,38,52,53,64,48,78,70,99,82,102,62,83,53,93,84,99,107,246,233,243,238,367,367,367,372,372,365,368,373,368,352,369,355,431,420,475,445,593,591,515,348,372,347,335,337,337,336,330,325,357,331,301,318,289,277,606,575,709,681]} 1. d4 Nf6 2. c4 g6 3. g3 Bg7 4. Bg2 d6 5. Nc3 c6 6. Nf3 O-O 7. O-O Qc7 8. e4 e5 9. h3 a5 {E62: King's Indian: Fianchetto: 6...c6 and Panno Variation (6...Nc6) without ...a6} (9... Nbd7 10. Be3 Re8 11. Qc2 b6 12. Rfd1 exd4 13. Nxd4 Bb7 14. Ndb5 cxb5 15. Nxb5 Qb8 16. Nxd6 Bc6 17. f4 Rd8 18. e5 Bxg2 19. Qxg2 Qc7 20. exf6 Nxf6 {0-1 (49) Mueller,R (2330)-Le Corre,B (2313) Germany 2016}) 10. Be3 Na6 11. Re1 Rd8 $146 {White is slightly better.} ({Predecessor:} 11... Bd7 12. Rc1 Rfd8 13. Qb3 exd4 14. Nxd4 Nc5 15. Qc2 Qc8 {1-0 (58) Karasek,L (2174)-Zimniok,L (2125) Czechia 2012}) 12. Qe2 Qe7 13. Rad1 exd4 14. Nxd4 Nc5 15. Qc2 Be6 16. b3 Nfd7 17. f4 f6 {[#]} (17... Nf6 $16 {is a better defense.}) 18. Nf5 $1 $18 {[%cal Rf5e7][%mdl 512]} gxf5 19. exf5 Bf7 (19... Nf8 $142 20. fxe6 f5) 20. Bxc5 $1 Qxe1+ 21. Rxe1 Nxc5 22. Qd2 Bf8 23. Kh2 Re8 24. Rb1 Rad8 25. a3 a4 26. b4 Nb3 27. Qd3 d5 28. cxd5 cxd5 29. Nxa4 d4 30. Rxb3 Re3 31. Qxe3 ({Worse is} 31. Bxb7 Bxb3 32. Qa6 d3 $19) 31... dxe3 32. Rxe3 Rd2 {Threatens to win with ...Bd5.} 33. Nc3 Bc4 {next ...Bf1 is good for Black.} 34. Ne4 Ra2 35. g4 ({Weaker is} 35. Nxf6+ Kf7 $16) 35... Bf1 36. Rg3 ({Don't play} 36. Nxf6+ $6 Kf7 $16) 36... Re2 $2 (36... Kf7 37. Kg1 Bxg2 38. Rxg2 Ra1+ 39. Kh2 Rxa3) 37. Nxf6+ Kf7 38. Nxh7 {Precision: White = 78%, Black = 25%.} 1-0

[Event "Oslo Chess Festival 2018"]
[Site "Oslo"]
[Date "2018.09.30"]
[Round "1"]
[White "Pavlovic, Milos"]
[Black "Bø, Øyvind"]
[Result "1/2-1/2"]
[WhiteElo "2481"]
[BlackElo "1885"]
[Annotator "TA"]
[PlyCount "81"]
[EventDate "2018.09.30"]
[EventCountry "NOR"]
[SourceTitle "playchess.com"]
[Source "ChessBase"]
[SourceQuality "1"]

{[%evp 17,81,56,72,49,75,66,56,60,93,104,94,95,168,136,130,127,181,197,190,197,186,193,194,190,188,168,197,164,168,45,162,84,75,0,0,0,0,0,14,-80,0,0,0,0,0,0,62,72,87,8,14,21,41,50,221,223,319,309,463,289,1106,820,1035,802,29993,29994]} 1. d4 Nf6 2. Nf3 e6 3. g3 c5 4. Bg2 Nc6 5. O-O Be7 6. c4 cxd4 7. Nxd4 O-O 8. Nc3 a6 9. Bf4 Nh5 {LiveBook: 3 Games. A33: Symmetrical English: 2 Nf3 Nf6 3 d4 cxd4 4 Nxd4 e6 5 Nc3 Nc6} (9... Nxd4 10. Qxd4 d6 11. Qd3 h6 12. Rfd1 e5 13. Be3 Qc7 14. Rac1 Bd7 15. Nd5 Nxd5 16. Bxd5 Bc6 17. Bxh6 gxh6 18. Qg6+ Kh8 19. Qxh6+ Kg8 20. c5 Bxd5 21. Rxd5 Qc6 22. Rc4 f5 23. Qg6+ Kh8 24. Rxd6 Qb5 25. Qh5+ {1-0 (25) Malisauskas,V (2422)-Klabis,R (2383) Palanga 2018}) 10. Be3 f5 11. Na4 $146 ({Predecessor:} 11. f4 Nf6 12. h3 Rb8 13. Rc1 Qe8 14. Bf2 Na5 15. e4 fxe4 16. Nxe4 Nxe4 17. Bxe4 Nxc4 {1-0 (37) Adamski,J (2287)-Schlawin,M (2264) Germany 2010}) 11... f4 {White is slightly better.} 12. Nxc6 bxc6 13. Bd4 fxg3 14. hxg3 Bf6 (14... Qc7 $16 {is a better defense.}) 15. e4 {[%cal Be2e4,Be4e5][%mdl 32] e5 is the strong threat.} Bxd4 16. Qxd4 Qc7 (16... d6 $16) 17. e5 $18 g6 18. Nc5 Ng7 19. Ne4 Nf5 20. Qc3 Rb8 21. c5 Qb7 22. g4 Ne7 23. Qh3 (23. Nf6+ $18 Kh8 24. b3 (24. Qh3 Rf7 $14)) 23... Kg7 (23... Qxb2 $14 24. Ng5 h5) 24. Qh4 (24. b3 $18) 24... Nd5 $16 25. Nd6 (25. b3 $16) 25... Qb4 26. Bxd5 cxd5 27. Rae1 Qf4 28. b3 {[#]} (28. Re3 $11) 28... g5 (28... a5 $1 $17 {And now ...Ba6 would win.} 29. f3 g5) 29. Qh5 $11 Rb4 {Hoping for ...Qf3.} 30. f3 {next Re2 is good for White.} Qg3+ 31. Kh1 Qh4+ (31... h6 $11) 32. Qxh4 $14 gxh4 33. Kg2 ({White should play} 33. Rb1 $16) 33... a5 $11 34. Rh1 $36 {[%mdl 2048] White fights for an advantage.} Ba6 35. Rxh4 Rd4 $2 ({Better is} 35... h6 $14) 36. Reh1 $18 Rd2+ (36... Bd3 {was worth a try.} 37. Rd1 Rff4 38. Ne8+ Kf7) 37. Kg3 Rh8 (37... Bd3 {was called for.} 38. R4h2 Rxh2 39. Rxh2 Kg6) 38. Rh5 Rxa2 $2 (38... Bd3 39. R5h2 Rxh2 40. Rxh2 Rb8) 39. Rg5+ Kf8 40. Rh6 {Intending c6! and mate.} Rb2 {[#]} 41. c6 $1 {[%mdl 33280] Precision: White = 51%, Black = 36%. . An unexpected result.} 1/2-1/2

[Event "Oslo Chess Festival 2018"]
[Site "Oslo"]
[Date "2018.09.30"]
[Round "1"]
[White "Vestby-Ellingsen, Mads"]
[Black "Holand, Per Fredrik"]
[Result "1-0"]
[WhiteElo "2410"]
[BlackElo "1912"]
[Annotator "TA"]
[PlyCount "82"]
[EventDate "2018.09.30"]
[EventCountry "NOR"]
[SourceTitle "playchess.com"]
[Source "ChessBase"]
[SourceQuality "1"]

{[%evp 15,82,16,18,5,29,25,13,0,0,0,0,-10,-6,0,0,0,2,-26,0,-15,-16,-23,0,0,0,0,-5,-10,-10,-13,0,-12,-14,-15,-10,-18,-12,-12,0,0,24,28,49,22,47,22,137,62,67,62,126,117,165,148,188,189,235,208,301,283,305,292,297,256,287,246,304,302,558]} 1. Nf3 Nf6 2. g3 c5 3. Bg2 d5 4. O-O g6 5. d4 cxd4 6. Nxd4 Bg7 7. Nb3 O-O 8. Nc3 e6 9. e4 {A49: 1 d4 Nf6 2 Nf3 g6 3 g3: Anti-King's Indian systems} dxe4 10. Nxe4 Nxe4 11. Bxe4 {The position is equal.} (11. Qxd8 Rxd8 12. Bxe4 Nc6 13. c3 e5 14. Be3 f5 15. Bg2 Bf8 16. Rfe1 Be6 {1-0 (35) Karjakin,S (2767)-Jakovenko,D (2747) Tashkent 2014 CBM 163 [Ftacnik,L]}) 11... Qc7 12. c3 Bd7 13. Be3 Bc6 14. Qc2 $146 (14. Bxc6 {feels hotter.} Nxc6 15. Qe2 h6 16. Rad1 Rfd8 17. h4) ({Predecessor:} 14. Bxc6 Nxc6 15. Qe2 e5 16. h4 f5 {1-0 (30) Krause,U-Dewitz,G Schleswig Holstein 1989}) 14... f5 15. Bxc6 Nxc6 16. f4 b6 17. Rae1 e5 18. fxe5 Bxe5 19. Qe2 Rac8 20. Qc4+ Qf7 21. Qxf7+ Rxf7 22. Rd1 Kg7 23. a4 Re8 {White should prevent ...Bxg3!} 24. Rfe1 Rfe7 25. Bf2 g5 26. Kf1 h5 {[%cal Bh7h5,Bh5h4][%mdl 32]} 27. Rd5 g4 28. a5 h4 29. axb6 (29. gxh4 {is more complex.} Kg6 30. axb6 axb6 31. Kg2 Bf4 32. Rxe7 Rxe7 33. Bg3) 29... axb6 30. Rb5 f4 (30... hxg3 $11 31. hxg3 Bc7) 31. gxf4 (31. gxh4 $16 Bf6 32. Rxe7+ (32. Rxb6 Rxe1+ 33. Bxe1 Ne5 $16) 32... Nxe7 33. Bd4 (33. Rxb6 Nd5 $16) (33. Bxb6 Bxh4 34. Nd4 Kg6 $14)) 31... Bxf4 $14 {Black wants to play ...Rxe1+.} 32. Rxe7+ Rxe7 ({Black should play} 32... Nxe7 $14 33. Bxh4 Bxh2) 33. Bxh4 $16 Rf7 {[#] aiming for ...Bg3+.} 34. Kg2 Be3 35. Bg5 Na7 {Hoping for ...Rf2+.} 36. Rd5 ({Stronger than} 36. Bxe3 Nxb5 37. Bxb6 Rb7 $11) 36... Bf2 (36... Rf2+ {is a better defense.} 37. Kg3 Rxb2) 37. Nd2 $18 Bc5 38. Ne4 Be7 39. Be3 Nc8 40. Nf2 Bd6 41. Nxg4 Bf8 $2 {Precision: White = 54%, Black = 36%.} (41... Kf8 {was necessary.} 42. Rh5 Ke7) 1-0

[Event "Oslo Chess Festival 2018"]
[Site "Oslo"]
[Date "2018.09.30"]
[Round "1"]
[White "Kaasen, Tor Fredrik"]
[Black "Tenold, Andreas"]
[Result "1-0"]
[WhiteElo "2388"]
[BlackElo "1758"]
[Annotator "TA"]
[PlyCount "57"]
[EventDate "2018.09.30"]
[EventCountry "NOR"]
[SourceTitle "playchess.com"]
[Source "ChessBase"]
[SourceQuality "1"]

{[%evp 19,57,11,14,12,11,7,47,45,90,88,96,68,110,107,105,109,106,80,93,91,87,97,133,131,127,134,151,156,274,275,677,672,660,665,705,671,753,751,702,648]} 1. Nf3 d5 2. d4 Nf6 3. c4 e6 4. g3 b6 5. Bg2 Bb7 6. O-O Be7 7. Nc3 O-O 8. cxd5 exd5 9. b3 Nbd7 10. Bb2 Ne4 {LiveBook: 23 Games} 11. Nxe4 {E17: Queen's Indian: 4 g3 Bb7 5 Bg2 Be7} (11. Rc1 Re8 12. Qc2 Nxc3 13. Bxc3 Bd6 {½-½ (13) Alterman,B (2570)-Rozentalis,E (2588) Israel 2011}) 11... dxe4 12. Nd2 Nf6 $146 ({Predecessor:} 12... f5 13. Rc1 Nf6 14. Nc4 Nd5 15. a3 a5 16. e3 Bf6 17. Qc2 Qe7 18. Rfd1 Rac8 {½-½ (51) Koustav,C (2214)-Batsuren,D (2301) Montevideo 2017}) 13. Qc2 {[%cal Rd2e4] White is slightly better.} c5 14. dxc5 Rc8 15. Rad1 {[#] aiming for Bxf6.} ({Reject} 15. Bxe4 $6 Nxe4 16. Nxe4 Bxc5 $11) 15... Bxc5 16. Qb1 {[%cal Rd2e4]} Qe7 {Threatening ...e3.} 17. Bxf6 Qxf6 18. b4 Be7 19. Nxe4 Bxe4 20. Bxe4 h6 21. Rd7 Rc4 22. a3 a5 23. Bd5 Rc3 (23... Rcc8 $16 {was necessary.} 24. e4 Rcd8) 24. Qe4 $18 Bd8 $2 {[#]} (24... Bd6 25. Rd1 Kh8 26. Rxf7 Rxf7 27. Bxf7 Rc8) 25. Rxf7 $1 {[%mdl 512] White is clearly winning.} Qxf7 (25... Rxf7 26. Qe8+) 26. Bxf7+ Rxf7 27. Rd1 Bf6 28. Qe6 Rcc7 29. Qxb6 {Precision: White = 74%, Black = 31%.} 1-0

[Event "Oslo Chess Festival 2018"]
[Site "Oslo"]
[Date "2018.09.30"]
[Round "1"]
[White "Pigott, John C"]
[Black "Kvendseth, Thyra"]
[Result "1-0"]
[WhiteElo "2386"]
[BlackElo "1854"]
[Annotator "TA"]
[PlyCount "61"]
[EventDate "2018.09.30"]
[EventCountry "NOR"]
[SourceTitle "playchess.com"]
[Source "ChessBase"]
[SourceQuality "1"]

{[%evp 18,61,39,30,29,0,66,66,70,45,214,219,244,191,220,201,247,245,258,249,231,226,227,209,214,199,216,181,210,195,247,212,267,264,300,222,336,333,335,334,527,520,683,677,616,601]} 1. d4 Nf6 2. c4 g6 3. Nc3 Bg7 4. e4 d6 5. f3 O-O 6. Be3 Nbd7 7. Qd2 c6 8. O-O-O a6 {E81: King's Indian: Sämisch: 6th move deviations (including 6 Be3 c6)} 9. e5 Ne8 10. f4 {LiveBook: 3 Games} b5 {White has an edge.} 11. c5 dxe5 $146 (11... f6 $11) ({Predecessor:} 11... Nc7 12. Nf3 Nd5 13. Nxd5 cxd5 14. Kb1 Nb8 15. cxd6 exd6 16. Rc1 {1-0 (30) Dyachkov,S (2532)-Chuprov,D (2415) Smolensk 2000}) 12. dxe5 Qa5 13. Kb1 Nc7 $2 {[#]} (13... f6 $1 $14) 14. Nd5 $1 $18 {[%cal Rd5e7]} Qxd2 15. Nxe7+ Kh8 16. Rxd2 Nb8 17. Nxc8 Rxc8 18. g3 Nd5 19. Bd4 a5 20. Nf3 {[%cal Bg1f3,Bf3g5,Bg5e4,Be4d6][%mdl 32]} Na6 21. Bh3 Rd8 22. Ng5 Ra7 23. Re1 Re8 (23... Re7 {is a better defense.} 24. Ne4 a4) 24. Ne4 Rae7 25. Nd6 Rd8 26. Rf1 Nac7 (26... Kg8 $142 27. Bc8 Nb8) 27. f5 gxf5 28. Nxf5 ({Don't play} 28. Rxf5 Kg8 $18) 28... Ree8 (28... Re6 $142 29. Nd6 Kg8 30. Rxf7 Re7) 29. Nd6 {White is clearly winning.} Rf8 30. Nxf7+ Kg8 31. Nxd8 {Precision: White = 66%, Black = 40%.} 1-0

[Event "Oslo Chess Festival 2018"]
[Site "Oslo"]
[Date "2018.09.30"]
[Round "1"]
[White "Andersen, Dag"]
[Black "Movsziszian, Karen"]
[Result "0-1"]
[WhiteElo "1903"]
[BlackElo "2523"]
[Annotator "TA"]
[PlyCount "70"]
[EventDate "2018.09.30"]
[EventCountry "NOR"]
[SourceTitle "playchess.com"]
[Source "ChessBase"]
[SourceQuality "1"]

{[%evp 13,70,-18,-18,-26,17,-9,-14,-27,-25,-33,-30,-45,-37,-83,-47,-59,-79,-83,-35,-50,-28,-52,-41,-58,-29,-160,-155,-176,-189,-177,-193,-183,-127,-122,-133,-198,-197,-205,-191,-197,-206,-236,-253,-287,-280,-294,-297,-396,-389,-402,-393,-568,-574,-571,-564,-681,-663,-668,-650]} 1. d4 d6 2. e4 g6 3. Nc3 Bg7 4. f4 a6 5. Nf3 b5 6. a3 {B06: Modern Defence} (6. Bd3 Nd7 7. a4 b4 8. Ne2 c5 9. c3 Bb7 10. O-O Ngf6 11. e5 Nd5 12. Bd2 bxc3 13. bxc3 cxd4 14. cxd4 O-O {0-1 (49) Anand,V (2759)-Nakamura,H (2769) Leuven 2018}) 6... Nd7 7. Bd3 c5 {LiveBook: 3 Games} 8. Be3 {The position is equal.} cxd4 9. Nxd4 Bb7 10. O-O Ngf6 11. Qe2 O-O 12. Kh1 $146 ({Predecessor:} 12. Rad1 Rc8 13. h3 Rxc3 14. bxc3 Nxe4 15. Bxe4 Bxe4 {1-0 (63) Podoba,M (2108)-Behul,P (2170) Slovakia 2009}) 12... Rc8 13. Bg1 Qc7 14. Rae1 e5 15. fxe5 dxe5 16. Nb3 Nh5 17. Be3 Nf4 18. Qd2 Rfd8 19. Rf2 (19. Qf2 $11 {remains equal.}) 19... Nb6 $36 {[%mdl 2048] aiming for ...Nc4. Black is in control.} 20. Bxf4 exf4 21. Qxf4 Qxf4 22. Rxf4 {[#]} Bxc3 ({Black should try} 22... Nc4 $1 $19 23. Bxc4 Rxc4) 23. bxc3 Rxc3 24. Nd2 (24. Rf6 $17 {was called for.} Na4 25. Ref1) 24... Rxa3 $19 25. Ref1 {[#]} Rf8 $1 26. Nf3 Nd7 27. h4 Rc3 28. Kh2 b4 29. Nd4 Ne5 30. Be2 Rd8 31. Rd1 a5 {[%cal Ba6a5,Ba5a4][%mdl 32]} 32. Nb5 (32. Rf6 {keeps fighting.}) 32... Rxd1 {Black is clearly winning.} 33. Bxd1 Rc6 34. h5 a4 35. hxg6 hxg6 {Precision: White = 24%, Black = 81%.} 0-1

[Event "Oslo Chess Festival 2018"]
[Site "Oslo"]
[Date "2018.09.30"]
[Round "1"]
[White "Rognes, Sven Erik"]
[Black "Pakleza, Zbigniew"]
[Result "0-1"]
[WhiteElo "1893"]
[BlackElo "2502"]
[Annotator "TA"]
[PlyCount "78"]
[EventDate "2018.09.30"]
[EventCountry "NOR"]
[SourceTitle "playchess.com"]
[Source "ChessBase"]
[SourceQuality "1"]

{[%evp 9,78,-19,-14,-28,-1,-25,-22,-25,-20,-55,-44,-56,-56,-61,-61,-60,-57,-60,-68,-96,-97,-97,-96,-104,-79,-78,-72,-91,-75,-270,-270,-349,-346,-386,-385,-398,-396,-405,-407,-400,-404,-415,-399,-412,-400,-407,-407,-408,-406,-421,-421,-504,-486,-546,-541,-576,-582,-699,-701,-847,-832,-816,-798,-789,-778,-5506,-4374,-5506,-5164,-6061,-5631]} 1. Nc3 d5 2. e4 d4 3. Nce2 c5 4. Ng3 Nc6 5. Bc4 e6 (5... a6 6. d3 e6 7. a4 Bd6 8. f4 e5 9. f5 Nf6 10. Nh5 g6 11. Ng7+ Ke7 12. Nh3 Rg8 13. Bh6 gxf5 {0-1 (48) Andreikin,D (2720)-Svidler,P (2727) Berlin 2015}) 6. Nf3 {A00: Irregular Openings} Bd6 7. O-O Nge7 8. d3 {The position is equal.} O-O 9. Ng5 $146 ({Predecessor:} 9. c3 a6 10. Bb3 b5 11. a4 b4 12. cxb4 cxb4 {½-½ (38) Eriksson,A (2200)-Millstone,M (2200) ICCF email 1998}) 9... h6 10. Nh3 Na5 $36 {[%mdl 2048] Black is more active.} 11. Bb3 Nxb3 12. axb3 Ng6 13. Qh5 Qh4 14. f4 Qxh5 15. Nxh5 f5 16. Bd2 b5 17. Nf2 Bb7 18. Rae1 {exf5 would now be nice for White.} Kf7 19. g4 $2 (19. Ng3 $17) 19... Nh4 $19 {[#] Hoping for ...Nf3+.} 20. Nd1 fxg4 21. Re2 Nf3+ 22. Kh1 Nxd2 23. Rxd2 Kg6 24. Ng3 Rxf4 25. Rxf4 Bxf4 26. Rf2 Bd6 27. Kg1 h5 28. Ne2 Re8 29. c3 e5 {[%cal Be6e5,Be5d4][%mdl 32] Black is clearly winning.} 30. Ng3 {[#]} c4 $1 31. bxc4 bxc4 32. cxd4 exd4 33. Nf5 Be5 34. dxc4 Bxe4 35. Ng3 Bxg3 36. hxg3 Bf3 37. Rf1 Re2 38. Nf2 h4 39. gxh4 g3 {Precision: White = 24%, Black = 85%.} 0-1

[Event "Oslo Chess Festival 2018"]
[Site "Oslo"]
[Date "2018.09.30"]
[Round "1"]
[White "Svanholm, Borge Waaktaar"]
[Black "Sriram, Jha"]
[Result "1/2-1/2"]
[WhiteElo "1869"]
[BlackElo "2394"]
[Annotator "ChessBase"]
[PlyCount "122"]
[EventDate "2018.09.30"]
[EventCountry "NOR"]
[SourceTitle "playchess.com"]
[Source "ChessBase"]
[SourceQuality "1"]
[TimeControl "90/30+30:0"]

1. c4 {[%emt 0:00:00]} c5 {[%emt 0:00:00]} 2. Nf3 {[%emt 0:00:00]} Nc6 {[%emt 0:00:00]} 3. d4 {[%emt 0:00:00]} cxd4 {[%emt 0:00:00]} 4. Nxd4 {[%emt 0:00:00]} Nf6 {[%emt 0:00:00]} 5. Nc3 {[%emt 0:00:00]} e6 {[%emt 0:00:00]} 6. a3 {[%emt 0:00:00]} Bc5 {[%emt 0:00:00]} 7. Nb3 {[%emt 0:00:00]} Be7 {[%emt 0:00:00]} 8. e4 {[%emt 0:00:00]} O-O {[%emt 0:00:00]} 9. Be2 {[%emt 0:00:00]} b6 {[%emt 0:00:00]} 10. O-O {[%emt 0:00:00]} Bb7 {[%emt 0:00:00]} 11. Be3 {[%emt 0:00:00]} Rc8 {[%emt 0:00:00]} 12. f4 {[%emt 0:00:00]} d6 {[%emt 0:00:00]} 13. Rc1 {[%emt 0:00:00]} Nb8 {[%emt 0:00:00]} 14. Bd3 {[%emt 0:00:00]} Nbd7 {[%emt 0:00:00]} 15. Qe2 {[%emt 0:00:00]} Qc7 {[%emt 0:00:00]} 16. Rfd1 {[%emt 0:00:00]} Qb8 {[%emt 0:00:00]} 17. g4 {[%emt 0:00:00]} Qa8 {[%emt 0:00:00]} 18. Bf2 {[%emt 0:00:00]} g6 {[%emt 0:00:00]} 19. g5 {[%emt 0:00:00]} Nh5 {[%emt 0:00:00]} 20. Qe3 {[%emt 0:00:00]} e5 {[%emt 0:00:00]} 21. f5 {[%emt 0:00:00]} f6 {[%emt 0:00:00]} 22. fxg6 {[%emt 0:00:00]} hxg6 {[%emt 0:00:00]} 23. gxf6 {[%emt 0:00:00]} Ndxf6 {[%emt 0:00:00]} 24. Nd5 {[%emt 0:00:00]} Bxd5 {[%emt 0:00:00]} 25. exd5 {[%emt 0:00:00]} Ng4 {[%emt 0:00:00]} 26. Qe4 {[%emt 0:00:18]} Nf4 {[%emt 0:04:41]} 27. Bg3 {[%emt 0:01:40]} Nf6 {[%emt 0:00:15]} 28. Qe3 {[%emt 0:01:53]} N6h5 {[%emt 0:03:59]} 29. Rf1 {[%emt 0:03:25]} Qb7 {[%emt 0:00:04]} 30. Bxf4 {[%emt 0:01:47]} Nxf4 {[%emt 0:00:11]} 31. Qe4 {[%emt 0:02:03]} Bg5 {[%emt 0:00:41]} 32. Rc2 {[%emt 0:00:51]} Qg7 {[%emt 0:00:43]} 33. Kh1 {[%emt 0:01:32]} Rf6 {[%emt 0:00:21]} 34. Rcf2 {[%emt 0:00:42]} Rcf8 {[%emt 0:00:14]} 35. Nc1 {[%emt 0:00:49]} Kh7 {[%emt 0:02:58]} 36. Bc2 {[%emt 0:01:08]} Nh3 {[%emt 0:00:32]} 37. Rxf6 {[%emt 0:00:47]} Rxf6 {[%emt 0:00:02]} 38. Qg2 {[%emt 0:01:12]} Rxf1+ {[%emt 0:02:43]} 39. Qxf1 {[%emt 0:00:02]} Qd7 {[%emt 0:01:17]} 40. Ne2 {[%emt 0:01:38]} Nf4 {[%emt 0:01:06]} 41. Nxf4 {[%emt 0:00:00]} exf4 {[%emt 0:00:00]} 42. Qf3 {[%emt 0:00:00]} Kg7 {[%emt 0:00:00]} 43. Qe4 {[%emt 0:00:00]} Qf7 {[%emt 0:00:00]} 44. Kg2 {[%emt 0:00:00]} Qf6 {[%emt 0:00:00]} 45. Kf3 {[%emt 0:00:00]} Kf7 {[%emt 0:00:00]} 46. Bd3 {[%emt 0:00:00]} Bh6 {[%emt 0:00:00]} 47. h4 {[%emt 0:00:00]} Bg7 {[%emt 0:00:00]} 48. b3 {[%emt 0:00:00]} Bh6 {[%emt 0:00:00]} 49. a4 {[%emt 0:00:56]} a5 {[%emt 0:00:00]} 50. Kg4 {[%emt 0:01:15]} Kg7 {[%emt 0:00:00]} 51. Kf3 {[%emt 0:00:37]} Kf7 {[%emt 0:00:00]} 52. Kg4 {[%emt 0:01:20]} g5 {[%emt 0:02:49]} 53. h5 {[%emt 0:01:16]} Bg7 {[%emt 0:00:36]} 54. Be2 {[%emt 0:01:05]} Kf8 {[%emt 0:01:03]} 55. Qf5 {[%emt 0:00:34]} Kg8 {[%emt 0:01:22]} 56. Qxg5 {[%emt 0:00:42]} Qb2 {[%emt 0:00:25]} 57. Bf3 {[%emt 0:00:31]} Qh2 {[%emt 0:01:21]} 58. Kf5 {[%emt 0:00:30]} Kh8 {[%emt 0:00:52]} 59. Bg4 {[%emt 0:00:52]} Qb2 {[%emt 0:00:46]} 60. Ke6 {[%emt 0:00:25]} Qxb3 {[%emt 0:00:48]} 61. h6 {[%emt 0:00:26]} Bd4 {[%emt 0:00:37] Ke5 [%emt 00:00:42]} 1/2-1/2

[Event "Oslo Chess Festival 2018"]
[Site "Oslo"]
[Date "2018.09.30"]
[Round "1"]
[White "Sidali, Elias Hulleberg"]
[Black "Holm, Kristian Stuvik"]
[Result "0-1"]
[WhiteElo "1865"]
[BlackElo "2474"]
[Annotator "TA"]
[PlyCount "95"]
[EventDate "2018.09.30"]
[EventCountry "NOR"]
[SourceTitle "playchess.com"]
[Source "ChessBase"]
[SourceQuality "1"]

{[%evp 9,95,11,12,-2,-2,-5,4,0,0,0,0,0,0,0,0,-9,0,-38,-17,-29,-31,-57,-41,-67,-46,-46,-46,-46,-46,-46,-46,-46,-46,-46,-47,-29,-45,-78,-25,-38,-27,-45,-36,-36,-43,-31,-29,-50,-50,-50,-50,-50,-50,-50,-17,-50,-50,-67,-67,-66,-50,-69,-51,-64,-50,-91,-70,-71,-56,-852,0,-217,-217,-217,-217,-300,-210,-265,-241,-583,-557,-473,-253,-483,-427,-403,-397,-438]} 1. d4 Nf6 2. Bf4 c5 3. e3 Qb6 4. Nc3 cxd4 (4... a6 5. Bc4 cxd4 6. exd4 e6 7. Nge2 d5 8. Bb3 Bd7 9. O-O Be7 10. Qe1 O-O 11. Rd1 Nc6 {1-0 (23) Aronian,L (2767)-Giri,A (2782) chess.com INT 2018}) 5. exd4 a6 {LiveBook: 9 Games} 6. Rb1 {A45: Trompowsky Attack} d5 7. Nf3 Nc6 8. h3 {The position is equal.} Bf5 9. Bd3 Bxd3 $146 ({Predecessor:} 9... Bg6 10. a3 e6 11. O-O {0-1 (37) Mueller,M (1944)-Gschnitzer,A (2310) Neustadt an der Weinstrasse 2018}) 10. Qxd3 e6 11. O-O Be7 12. Rfe1 O-O 13. Ne5 Rac8 ({Wrong is} 13... Nxd4 $2 14. Be3 $18) 14. Nxc6 Qxc6 15. Re2 b5 (15... Qc4 {feels hotter.} 16. Qd1 b5 17. Rd2 Qc6 18. Bg5 h6) 16. a3 {[#]} Bxa3 $1 {[%mdl 512]} 17. Nxb5 $1 (17. bxa3 Qxc3) 17... Qxb5 18. Qxb5 axb5 19. bxa3 Ne4 {Hoping for ...Nc3.} 20. Rb3 Rc4 21. f3 Nc3 22. Re3 Rfc8 23. Be5 R8c6 ({Black should play} 23... h5 $17) 24. Bg3 h5 25. Be1 {[%cal Re3c3]} Na4 26. c3 Nb6 27. Rxb5 Ra4 28. Rb3 Nc4 29. Re2 Rxa3 30. Rxa3 Nxa3 $15 {[%mdl 4096] Endgame KRB-KRN} 31. Rb2 Kh7 32. Kf2 Nc4 33. Ra2 Rb6 34. Ke2 Rb1 35. Rc2 Kg6 36. Ra2 Rc1 37. Bd2 Rg1 38. Kf2 Rd1 (38... Rb1 {looks sharper.} 39. Be1 Kf5 40. h4 Rc1 41. Ke2 f6) 39. Ke2 $2 {[%mdl 8192] [#]} (39. Be1 $15) 39... Rb1 $2 (39... Rxd2+ $19 40. Rxd2 Nxd2 41. Kxd2 Kg5) 40. Kf2 $2 (40. Be1 $1 $11) 40... Nxd2 $19 41. Rxd2 {KR-KR} Rc1 42. Rd3 h4 43. f4 Kf5 44. Rf3 $2 (44. Ke2) 44... Rc2+ 45. Kg1 Re2 (45... Ke4 $142 46. Kf1 Rd2) 46. g4+ $2 (46. c4 {might work better.}) 46... hxg3 47. Rxg3 g6 48. Rf3 {Precision: White = 26%, Black = 60%.} 0-1